| 000 | 00980cam a2200313 a 4500 | ||
|---|---|---|---|
| 999 |
_c41608 _d41608 |
||
| 001 | 13770357 | ||
| 003 | OSt | ||
| 005 | 20231211115755.0 | ||
| 008 | 040804s2003 ii b b 000 0 eng | ||
| 010 | _a 2004329545 | ||
| 020 | _a9788126515786 | ||
| 020 | _a8126415789 | ||
| 025 | _aI-E-2004-329545; 56-24 | ||
| 035 | _a(DLC) 2004329545 | ||
| 037 |
_bLibrary of Congress -- New Delhi Overseas Office _cRs100.00 |
||
| 040 |
_aDLC _cDLC _dDLC |
||
| 042 | _alcode | ||
| 043 | _aa-ii--- | ||
| 050 | 0 | 0 |
_aDS485.K45 _bS74 2003 |
| 082 | 0 | 0 |
_a945.83 _222 _bMEN/S |
| 100 | 1 |
_aSreedhara Menon, A. _910096 |
|
| 245 | 1 | 2 |
_aA survey of Kerala history / _cA. Sreedhara Menon. |
| 250 | _a10th ed. | ||
| 260 |
_aKottayam : _bD C Books: : _c2022. |
||
| 300 |
_a368 p. : _bmaps (one folded) ; _c22 cm. |
||
| 504 | _aIncludes bibliographical references (p. [459]-474). | ||
| 651 | 0 |
_aKerala (India) _xHistory. |
|
| 942 |
_2ddc _cBK _h954.83 _iMEN/S _k954.83 _mMEN/S |
||